00768 a2200193 4500020001500000020001800015090001500033100002200048245006700070260003200137300001100169500001500180700002100195856008200216856008700298942002800385999001900413952014200432 a0333233565 a9780333233566 c2632d26321 aMcCosh, Andrew M.10aAccounting control and financial strategy /cAndrew M. McCosh. a[S.l.] :bMacmillan,c1978. a192 p. aPaperback.1 aEarl, Michael J.403Amazon.comuhttp://www.amazon.com/exec/obidos/ASIN/0333233565/chopaconline-20403Amazon customer reviewsuhttp://www.chopac.org/cgi-bin/tools/azrev.pl?q=0333233565 aNBScBKk658.150722 ACC c345125d345125 00154070aCLbCLd2013-08-28l1o658.150722 ACCpNBS4876r2015-07-06s2015-07-06w2013-08-28yBKzNo. 0908/NBS/IRC Dated: 12 June, 2012